[Event "Ceske sachove vanoce 2012  -  OPEN"]
[Site "Litomysl"]
[Date "2012.12.29"]
[Round "5.3"]
[White "Sabuk, Piotr"]
[Black "Cerveny, Martin"]
[Result "0-1"]
[WhiteElo "2195"]
[BlackElo "2328"]
[PlyCount "50"]
[EventDate "2012.12.26"]

1. e4 c5 2. Nf3 d6 3. d4 cxd4 4. Nxd4 Nf6 5. Nc3 a6 6. Be2 e5 7. Nb3 Be7 8. Bg5
Be6 9. Bxf6 Bxf6 10. Qd3 O-O 11. Rd1 Be7 12. Nd5 Bg5 13. Nc3 Be7 14. Nd5 Nc6
15. Nxe7+ Qxe7 16. Qxd6 Qg5 17. O-O Bxb3 18. axb3 Nd4 19. Bc4 Rad8 20. Qb6 Nf3+
21. Kh1 Nh4 22. g3 Rxd1 23. gxh4 Rxf1+ 24. Bxf1 Qxh4 25. Bd3 h5 0-1

[Event "Ceske sachove vanoce 2012  -  OPEN"]
[Site "Litomysl"]
[Date "2012.12.29"]
[Round "5.4"]
[White "Kubik, Michael"]
[Black "Sodoma, Jan"]
[Result "0-1"]
[WhiteElo "2140"]
[BlackElo "2379"]
[PlyCount "88"]
[EventDate "2012.12.26"]

1. e4 e5 2. Nf3 Nc6 3. Bb5 a6 4. Ba4 Nf6 5. O-O Be7 6. Re1 b5 7. Bb3 O-O 8. h3
d6 9. c3 Nb8 10. d4 Nbd7 11. Nbd2 Bb7 12. Bc2 Re8 13. Nf1 Bf8 14. Ng3 g6 15. a4
c6 16. Bg5 h6 17. Be3 Qc7 18. Qb1 Nb6 19. axb5 axb5 20. Rxa8 Bxa8 21. Nd2 c5
22. d5 Bb7 23. b3 Bc8 24. Qb2 Bd7 25. Ra1 Qb7 26. b4 Na4 27. Qa3 Ra8 28. Nb3
Qc8 29. Nd2 h5 30. Bxa4 Rxa4 31. Qb2 cxb4 32. cxb4 Qa6 33. Rxa4 bxa4 34. Qa3 h4
35. Ngf1 Qe2 36. f3 Nh5 37. Bf2 Nf4 38. Qe3 Bh6 39. Qxe2 Nxe2+ 40. Kh1 a3 41.
Nb3 Ba4 42. Na1 Bc1 43. Ne3 Bb2 44. Nec2 Nd4 0-1

[Event "Ceske sachove vanoce 2012  -  OPEN"]
[Site "Litomysl"]
[Date "2012.12.29"]
[Round "5.5"]
[White "Mejzlik, Vojtech"]
[Black "Sabol, Marian"]
[Result "1-0"]
[WhiteElo "2052"]
[BlackElo "2341"]
[PlyCount "59"]
[EventDate "2012.12.26"]

1. c4 Nf6 2. Nc3 c5 3. e4 Nc6 4. g3 d6 5. Bg2 Be6 6. d3 Qd7 7. h3 g6 8. f4 h5
9. Be3 Bg7 10. Qd2 Rb8 11. Nf3 a6 12. Ng5 b5 13. O-O bxc4 14. f5 cxd3 15. fxe6
fxe6 16. Qxd3 Ne5 17. Qxa6 O-O 18. Rf2 c4 19. Qa4 Qc8 20. Bf1 h4 21. g4 Nfxg4
22. hxg4 Rxf2 23. Bxf2 Rxb2 24. Rb1 Rxf2 25. Kxf2 Qc5+ 26. Kg2 Qe3 27. Qe8+ Bf8
28. Rb8 Qg3+ 29. Kh1 Nxg4 30. Qxf8# 1-0

[Event "Ceske sachove vanoce 2012  -  OPEN"]
[Site "Litomysl"]
[Date "2012.12.29"]
[Round "5.6"]
[White "Cerveny, Petr"]
[Black "Hajek, Lukas"]
[Result "1-0"]
[WhiteElo "2269"]
[BlackElo "2155"]
[PlyCount "57"]
[EventDate "2012.12.26"]

1. d4 Nf6 2. Nf3 g6 3. Bf4 Bg7 4. e3 O-O 5. Be2 d5 6. Nbd2 c5 7. c3 b6 8. a4
Nc6 9. Ne5 Bb7 10. O-O Nd7 11. Nxc6 Bxc6 12. Qb3 Nf6 13. Rfd1 Qd7 14. Qc2 Rfd8
15. h3 Rac8 16. Nf3 Bb7 17. Ne5 Qe6 18. a5 Nd7 19. Nxd7 Qxd7 20. axb6 axb6 21.
Qb3 cxd4 22. exd4 Qe6 23. Bg4 f5 24. Re1 Qc6 25. Be2 Ra8 26. Rxa8 Rxa8 27. Bb5
Qf6 28. Bd7 Bc8 29. Qxd5+ 1-0

[Event "Ceske sachove vanoce 2012  -  OPEN"]
[Site "Litomysl"]
[Date "2012.12.29"]
[Round "5.7"]
[White "Jedlicka, Ales"]
[Black "Pekar, Vaclav"]
[Result "1-0"]
[WhiteElo "2223"]
[BlackElo "2157"]
[PlyCount "61"]
[EventDate "2012.12.26"]

1. d4 e6 2. c4 b6 3. Nf3 Bb7 4. Nc3 Bb4 5. Bd2 f5 6. g3 Nf6 7. Bg2 O-O 8. O-O
Qe8 9. Rc1 Bxc3 10. Bxc3 Ne4 11. Be1 Nc6 12. d5 Ne7 13. Nd2 exd5 14. cxd5 Nxd5
15. Nxe4 fxe4 16. Qd4 Qh5 17. Bxe4 c5 18. Qc4 Rae8 19. f3 Kh8 20. Bf2 Bc6 21.
Rcd1 Re5 22. Rd2 Qg5 23. Qd3 Rxe4 24. fxe4 Nf6 25. Be3 Qh5 26. Qd6 Re8 27. e5
Rxe5 28. Rxf6 h6 29. Qf8+ Kh7 30. Bxh6 Qg4 31. Bxg7 1-0

[Event "Ceske sachove vanoce 2012  -  OPEN"]
[Site "Litomysl"]
[Date "2012.12.29"]
[Round "5.9"]
[White "Pulpan, Jakub"]
[Black "Jasny, Stanislav"]
[Result "1/2-1/2"]
[WhiteElo "2099"]
[BlackElo "2303"]
[PlyCount "56"]
[EventDate "2012.12.26"]

1. e4 c5 2. Nf3 Nc6 3. d4 cxd4 4. Nxd4 e5 5. Nb5 d6 6. N1c3 a6 7. Na3 Be7 8.
Nc4 b5 9. Ne3 Nf6 10. g3 O-O 11. Bg2 b4 12. Ncd5 Nxd5 13. Nxd5 Bg5 14. Bxg5
Qxg5 15. h4 Qd8 16. O-O Rb8 17. Qd2 Be6 18. a3 bxa3 19. Rxa3 Nd4 20. c3 Bxd5
21. cxd4 Bc4 22. Rc1 Bb5 23. Bf1 Bxf1 24. Rxf1 Qb6 25. dxe5 dxe5 26. Rfa1 Qxb2
27. Qxb2 Rxb2 28. Rxa6 Re2 $11 1/2-1/2

[Event "Ceske sachove vanoce 2012  -  OPEN"]
[Site "Litomysl"]
[Date "2012.12.29"]
[Round "5.10"]
[White "Kastner, Oldrich"]
[Black "Chudinovskikh, Alexander M"]
[Result "0-1"]
[WhiteElo "2088"]
[BlackElo "2263"]
[PlyCount "66"]
[EventDate "2012.12.26"]

1. e4 e5 2. Nc3 Nf6 3. Bc4 Nc6 4. d3 Na5 5. a3 Nxc4 6. dxc4 d6 7. h3 g6 8. Bg5
h6 9. Be3 b6 10. Nge2 Be6 11. Qd3 Nd7 12. b3 Nc5 13. Qd2 Bg7 14. f3 f5 15. g4
f4 16. Bf2 h5 17. O-O-O Qd7 18. Bh4 Qf7 19. Nd5 Nb7 20. Kb2 c6 21. Ndc3 Bh6 22.
gxh5 g5 23. Bf2 Qxh5 24. Qd3 O-O-O 25. a4 Bg7 26. Nd5 Nc5 27. Ne7+ Kc7 28. Qd2
Qxf3 29. Bxc5 dxc5 30. Nd5+ cxd5 31. cxd5 Qxe4 32. d6+ Kb7 33. Nc3 Qc6 0-1

[Event "Ceske sachove vanoce 2012  -  OPEN"]
[Site "Litomysl"]
[Date "2012.12.29"]
[Round "5.11"]
[White "Daniel, Martin"]
[Black "Bombek, Peter"]
[Result "0-1"]
[WhiteElo "2081"]
[BlackElo "2261"]
[PlyCount "70"]
[EventDate "2012.12.26"]

1. d4 d5 2. c4 e6 3. Nc3 Nf6 4. Bg5 Be7 5. Nf3 O-O 6. e3 h6 7. Bf4 Nbd7 8. Qc2
c5 9. O-O-O cxd4 10. exd4 dxc4 11. d5 Nxd5 12. Nxd5 exd5 13. Rxd5 Qe8 14. Rd1
Nb6 15. Be2 Bd7 16. Rde1 Nd5 17. Qe4 Nxf4 18. Qxf4 Bb4 19. Nd2 Be6 20. a3 Ba5
21. Qe5 b6 22. Rd1 c3 23. Ne4 Bb3 24. Qf5 cxb2+ 25. Kxb2 Be6 26. Qe5 f6 27. Qd6
Bf7 28. Bd3 Rd8 29. Qf4 Qe6 30. Bc4 Qxc4 31. Nxf6+ gxf6 32. Qxf6 Qb3+ 33. Kc1
Qxa3+ 34. Qb2 Rc8+ 35. Kb1 Bg6+ 0-1

[Event "Ceske sachove vanoce 2012  -  OPEN"]
[Site "Litomysl"]
[Date "2012.12.29"]
[Round "5.12"]
[White "Jozefek, Michal"]
[Black "Szumilas, Piotr"]
[Result "1-0"]
[WhiteElo "2060"]
[BlackElo "2204"]
[PlyCount "79"]
[EventDate "2012.12.26"]

1. d4 d5 2. c4 c6 3. Nf3 Nf6 4. e3 Bf5 5. Nc3 e6 6. Qb3 Qb6 7. c5 Qc7 8. Qa4
Nbd7 9. b4 e5 10. Be2 Be7 11. b5 e4 12. Nd2 O-O 13. Nb3 Bg4 14. bxc6 bxc6 15.
Na5 Bxe2 16. Nxe2 Rfc8 17. Rb1 Rab8 18. Rxb8 Nxb8 19. Bd2 Ng4 20. h3 Nh6 21.
O-O g5 22. Rb1 a6 23. Rb7 Qd8 24. Qb4 Qe8 25. Ra7 f5 26. Qb7 Kf8 27. Ra8 Rd8
28. Nb3 Rc8 29. Ba5 Nf7 30. Bc7 Qd7 31. Rxb8 Rxb8 32. Qxb8+ Kg7 33. Be5+ Nxe5
34. Qxe5+ Bf6 35. Qb8 f4 36. exf4 g4 37. Na5 Kg6 38. Qd6 Qxd6 39. cxd6 g3 40.
Nxc6 1-0

[Event "Ceske sachove vanoce 2012  -  OPEN"]
[Site "Litomysl"]
[Date "2012.12.29"]
[Round "5.14"]
[White "Spacek, Oliver"]
[Black "Goluch, Piotr"]
[Result "1-0"]
[WhiteElo "1998"]
[BlackElo "2253"]
[PlyCount "83"]
[EventDate "2012.12.26"]

1. d4 Nf6 2. c4 e6 3. g3 c5 4. d5 exd5 5. cxd5 d6 6. Bg2 g6 7. Nf3 Bg7 8. Nc3
O-O 9. O-O a6 10. a4 Re8 11. Nd2 Nbd7 12. a5 b5 13. axb6 Nxb6 14. e4 Ng4 15.
Re1 a5 16. h3 Ne5 17. Bf1 c4 18. Re3 Qc7 19. Kh2 Qc5 20. b3 Nd3 21. Ba3 Qd4 22.
Bxd3 cxd3 23. Rc1 Ba6 24. e5 Nxd5 25. Nxd5 Qxd5 26. exd6 Bh6 27. Rc5 Qd4 28.
Nf3 Qf6 29. d7 Red8 30. Ree5 Bf8 31. Bb2 Qb6 32. Ng5 Bxc5 33. Qf3 Rxd7 34.
Qxa8+ Bf8 35. Re3 f6 36. Ne6 Rf7 37. Nxf8 Rxf8 38. Qd5+ Kh8 39. Bd4 Qb8 40. Re6
Bb7 41. Bxf6+ Rxf6 42. Qd4 1-0

[Event "Ceske sachove vanoce 2012  -  OPEN"]
[Site "Litomysl"]
[Date "2012.12.29"]
[Round "5.17"]
[White "Macura, Emil"]
[Black "Tejkal, Jiri"]
[Result "0-1"]
[WhiteElo "2062"]
[BlackElo "1964"]
[PlyCount "78"]
[EventDate "2012.12.26"]

1. d4 d5 2. c4 c6 3. e3 e6 4. Nf3 Nf6 5. Nbd2 Nbd7 6. a3 Be7 7. Bd3 O-O 8. Qc2
h6 9. O-O b6 10. Ne5 Nxe5 11. dxe5 Nd7 12. f4 Bb7 13. Nf3 c5 14. Bd2 f5 15. Be1
g6 16. Rd1 Qc7 17. Bc3 Rad8 18. h4 Rf7 19. g3 Nf8 20. Be2 Rg7 21. Kf2 Nh7 22.
Nd2 Kf7 23. b3 d4 24. exd4 cxd4 25. Bb2 d3 26. Bxd3 Qc6 27. Rg1 Bc5+ 28. Ke2
Bxg1 29. Rxg1 h5 30. b4 Kg8 31. b5 Qc5 32. Rd1 Rgd7 33. Nb3 Qc8 34. Ke1 Be4 35.
Nc1 Bf3 36. Rd2 Qc5 37. Rf2 Qe3+ 38. Be2 Bxe2 39. Qxe2 Rd1# 0-1

[Event "Ceske sachove vanoce 2012  -  OPEN"]
[Site "Litomysl"]
[Date "2012.12.29"]
[Round "5.18"]
[White "Chladek, Vaclav"]
[Black "Jablon, Stephen"]
[Result "0-1"]
[WhiteElo "2050"]
[BlackElo "1931"]
[PlyCount "60"]
[EventDate "2012.12.26"]

1. e4 c6 2. d4 d5 3. exd5 cxd5 4. Bd3 Nc6 5. c3 e5 6. dxe5 Nxe5 7. Bb5+ Nc6 8.
Nf3 a6 9. Bd3 Bc5 10. O-O Nge7 11. Qc2 Bg4 12. Nbd2 Ba7 13. Re1 Qb6 14. Nf1
Bxf3 15. gxf3 h6 16. Bf4 O-O 17. Ne3 Rac8 18. Qd2 Bb8 19. Bxh6 Ne5 20. Nxd5
Nxf3+ 21. Kh1 Nxd5 22. Rg1 Be5 23. Bxg7 Bxg7 24. Rxg7+ Kxg7 25. Rg1+ Kh8 26.
Qe2 Rg8 27. Qxf3 Rxg1+ 28. Kxg1 Qh6 29. Qxd5 Qc1+ 30. Kg2 Rg8+ 0-1

[Event "Ceske sachove vanoce 2012  -  OPEN"]
[Site "Litomysl"]
[Date "2012.12.31"]
[Round "7.1"]
[White "Kanovsky, David"]
[Black "Cerveny, Petr"]
[Result "1/2-1/2"]
[WhiteElo "2412"]
[BlackElo "2269"]
[Annotator ",Michail"]
[PlyCount "53"]
[EventDate "2012.12.26"]

1. e4 e6 2. d4 d5 3. Nd2 dxe4 4. Nxe4 Bd7 5. Nf3 Bc6 6. Bd3 Nd7 7. O-O Ngf6 8.
Ng3 Be7 9. Re1 O-O 10. c4 Bxf3 11. Qxf3 c6 12. a3 a5 13. b3 Re8 14. Bb2 Qc7 15.
Rad1 Nf8 16. h4 Rad8 17. h5 h6 18. Bb1 Rd7 19. Re3 Red8 20. Rde1 Rxd4 21. Bxd4
Rxd4 22. Nf5 Rg4 23. Re5 Bd8 24. Ng3 Be7 25. Nf5 Bd8 26. Ng3 Be7 27. Nf5 $11
1/2-1/2

[Event "Ceske sachove vanoce 2012  -  OPEN"]
[Site "Litomysl"]
[Date "2012.12.31"]
[Round "7.2"]
[White "Cerveny, Martin"]
[Black "Jedlicka, Ales"]
[Result "1-0"]
[WhiteElo "2328"]
[BlackElo "2223"]
[PlyCount "53"]
[EventDate "2012.12.26"]

1. d4 Nf6 2. c4 g6 3. Nc3 Bg7 4. e4 O-O 5. Nf3 d6 6. h3 Na6 7. Rb1 c5 8. d5 e6
9. dxe6 fxe6 10. Be2 d5 11. cxd5 exd5 12. e5 Ne4 13. Nxe4 dxe4 14. Bc4+ Kh8 15.
Qxd8 Rxd8 16. Ng5 Rd4 17. Nf7+ Kg8 18. Nd6+ Kf8 19. Be3 Bxe5 20. Bxd4 cxd4 21.
Nxe4 Bf5 22. f3 Nc5 23. Nxc5 Bg3+ 24. Ke2 Bxb1 25. Rxb1 Rc8 26. Ne6+ Ke7 27.
Kd3 1-0

[Event "Ceske sachove vanoce 2012  -  OPEN"]
[Site "Litomysl"]
[Date "2012.12.31"]
[Round "7.3"]
[White "Heydarli, Kanan"]
[Black "Novotny, Michal"]
[Result "1-0"]
[WhiteElo "2301"]
[BlackElo "2274"]
[PlyCount "63"]
[EventDate "2012.12.26"]

1. d4 Nf6 2. c4 c5 3. dxc5 e6 4. Nf3 Bxc5 5. e3 O-O 6. Nc3 Nc6 7. Be2 d5 8.
cxd5 exd5 9. O-O Re8 10. a3 a6 11. b4 Bb6 12. Bb2 Bg4 13. b5 Na5 14. bxa6 bxa6
15. Na4 Bc7 16. Rc1 Qd6 17. g3 Nc4 18. Bxf6 gxf6 19. Nd4 Bh3 20. Re1 Ba5 21.
Bg4 Bxe1 22. Bxh3 Bxf2+ 23. Kxf2 Nxe3 24. Qh5 Qxa3 25. Rc7 Re7 26. Rxe7 Qxe7
27. Bf5 Nxf5 28. Nxf5 Qa7+ 29. Kg2 Kf8 30. Qh6+ Ke8 31. Qxf6 Qc7 32. Nb6 1-0

[Event "Ceske sachove vanoce 2012  -  OPEN"]
[Site "Litomysl"]
[Date "2012.12.31"]
[Round "7.4"]
[White "Sodoma, Jan"]
[Black "Chudinovskikh, Alexander M"]
[Result "1-0"]
[WhiteElo "2379"]
[BlackElo "2263"]
[PlyCount "133"]
[EventDate "2012.12.26"]

1. d4 Nf6 2. c4 e6 3. Nf3 d5 4. Nc3 Be7 5. Bg5 O-O 6. e3 Nbd7 7. cxd5 Nxd5 8.
Bxe7 Qxe7 9. Bd3 c5 10. Nxd5 exd5 11. b3 b6 12. O-O a5 13. Bb5 Nf6 14. Qd3 Qe4
15. Rac1 Bf5 16. Qc3 Rfc8 17. Ne5 cxd4 18. Qxd4 Rc5 19. Bd3 Qxd4 20. exd4 Rxc1
21. Rxc1 Bxd3 22. Nxd3 h6 23. f3 a4 24. b4 a3 25. Rc6 Rb8 26. Ne5 Rb7 27. b5
Kf8 28. Rc8+ Ke7 29. Nc6+ Kd6 30. Ra8 Nd7 31. Kf2 Nf6 32. Rxa3 Ng8 33. Re3 h5
34. Re8 Nh6 35. Rd8+ Ke6 36. Rh8 Kf6 37. Ke2 h4 38. Kd3 Nf5 39. Kc3 g5 40. Kd3
Ne7 41. Nb4 Ke6 42. Re8 Kd7 43. Ra8 Ke6 44. a4 Kd6 45. Rd8+ Ke6 46. Re8 Kd7 47.
Rf8 Ke6 48. Rd8 Ra7 49. Re8 Kd6 50. Na6 Rb7 51. Rd8+ Ke6 52. g4 hxg3 53. hxg3
Nf5 54. g4 Nh4 55. Ke2 Ng6 56. Ra8 Nf4+ 57. Kd2 Kd6 58. Nb4 Re7 59. Rb8 Re2+
60. Kd1 Rb2 61. Rxb6+ Kc7 62. Rc6+ Kb7 63. Na6 Ra2 64. Nc5+ Kb8 65. b6 Ne6 66.
Rd6 Rb2 67. a5 1-0

[Event "Ceske sachove vanoce 2012  -  OPEN"]
[Site "Litomysl"]
[Date "2012.12.31"]
[Round "7.5"]
[White "Maciol, Ryszard"]
[Black "Sharashenidze, Akaki"]
[Result "0-1"]
[WhiteElo "2190"]
[BlackElo "2351"]
[PlyCount "76"]
[EventDate "2012.12.26"]

1. d4 d5 2. c4 c6 3. cxd5 cxd5 4. Nc3 Nf6 5. Bf4 e6 6. e3 a6 7. Bd3 Be7 8. Nf3
O-O 9. Ne5 b5 10. O-O Bb7 11. Rc1 Nbd7 12. Ne2 Nxe5 13. Bxe5 Bd6 14. Bxd6 Qxd6
15. Ng3 Rfc8 16. Nh5 Nd7 17. Qg4 Qf8 18. Qh4 h6 19. f4 Rxc1 20. Rxc1 Rc8 21.
Rxc8 Bxc8 22. g4 f6 23. g5 fxg5 24. fxg5 Qe7 25. Nf4 Nf8 26. Nh3 e5 27. dxe5
Qxe5 28. gxh6 Qxe3+ 29. Nf2 Qxh6 30. Qd8 Be6 31. Kg2 Qd2 32. Qd6 Qxb2 33. Qxa6
b4 34. Qb5 Qc3 35. Be2 Qd4 36. Nd3 Bf5 37. Qxb4 Qe3 38. Nf4 Be4+ 0-1

[Event "Ceske sachove vanoce 2012  -  OPEN"]
[Site "Litomysl"]
[Date "2012.12.31"]
[Round "7.6"]
[White "Jozefek, Michal"]
[Black "Sabol, Marian"]
[Result "0-1"]
[WhiteElo "2060"]
[BlackElo "2341"]
[PlyCount "120"]
[EventDate "2012.12.26"]

1. d4 Nf6 2. c4 c5 3. d5 b5 4. cxb5 a6 5. Nc3 axb5 6. e4 b4 7. Nb5 d6 8. Bf4 g5
9. Bxg5 Nxe4 10. Bf4 Qa5 11. Bc4 Ba6 12. Qe2 b3+ 13. Kf1 Bxb5 14. Bxb5+ Kd8 15.
a4 Nf6 16. Bd2 Qc7 17. Bc3 Bg7 18. Nf3 Rf8 19. Ng5 Nbd7 20. Nxh7 Nxh7 21. Bxg7
Rg8 22. Bc3 Nhf6 23. Bc6 Ra7 24. Re1 Ne5 25. Bxe5 dxe5 26. Qxe5 Qxe5 27. Rxe5
Nd7 28. Re4 Nb6 29. g3 f5 30. Rf4 Rg4 31. Rxg4 fxg4 32. Kg2 Kc7 33. Re1 c4 34.
Bb5 Rxa4 35. Rxe7+ Kd6 36. Re6+ Kc5 37. Rxb6 Ra5 38. Bxc4 Kxc4 39. d6 Rd5 40.
Rc6+ Kb5 41. Rc3 Kb4 42. Re3 Rxd6 43. Re4+ Kc5 44. Rxg4 Rd2 45. Rg8 Rxb2 46.
Rb8 Kc4 47. h4 Rd2 48. g4 Rd5 49. Rxb3 Kxb3 50. h5 Rd8 51. Kg3 Kc4 52. g5 Kd5
53. Kg4 Ke6 54. f4 Rd1 55. h6 Rg1+ 56. Kh3 Kf5 57. Kh2 Ra1 58. Kg3 Ra3+ 59. Kf2
Ra4 60. Kg3 Rb4 0-1

[Event "Ceske sachove vanoce 2012  -  OPEN"]
[Site "Litomysl"]
[Date "2012.12.31"]
[Round "7.7"]
[White "Hajek, Lukas"]
[Black "Bombek, Peter"]
[Result "1/2-1/2"]
[WhiteElo "2155"]
[BlackElo "2261"]
[Annotator ",Michail"]
[PlyCount "70"]
[EventDate "2012.12.26"]

1. d4 d5 2. c4 e6 3. Nc3 Nf6 4. cxd5 exd5 5. Bg5 c6 6. Qc2 Be7 7. e3 Nbd7 8.
Bd3 Nh5 9. Bxe7 Qxe7 10. Nge2 g6 11. O-O O-O 12. Rab1 a5 13. a3 Ndf6 14. Na4
Ng7 15. Nc5 b6 16. Na4 b5 17. Nc5 Nd7 18. Rbc1 a4 19. h3 Nxc5 20. Qxc5 Qxc5 21.
Rxc5 Bd7 22. Nc3 f5 23. Na2 Rae8 24. Nb4 Rf6 25. g3 Kf8 26. Rc3 Ree6 27. Rfc1
g5 28. Na6 Rd6 29. Nc5 Be8 30. Nb7 Rde6 31. Nd8 Rd6 32. Nb7 Rd7 33. Na5 Rdd6
34. Nb7 Rde6 35. Nd8 Rd6 $11 1/2-1/2

[Event "Ceske sachove vanoce 2012  -  OPEN"]
[Site "Litomysl"]
[Date "2012.12.31"]
[Round "7.8"]
[White "Mejzlik, Ondrej"]
[Black "Vyprachticky, David"]
[Result "1/2-1/2"]
[WhiteElo "2233"]
[BlackElo "2092"]
[Annotator ",Michail"]
[PlyCount "46"]
[EventDate "2012.12.26"]

1. c4 Nf6 2. Nc3 d5 3. cxd5 Nxd5 4. d4 g6 5. e4 Nxc3 6. bxc3 Bg7 7. Bc4 c5 8.
Ne2 O-O 9. O-O Nc6 10. Be3 Na5 11. Bd3 b6 12. dxc5 Qc7 13. cxb6 axb6 14. Rb1
Nc4 15. Bd4 e5 16. Bxc4 Qxc4 17. Rb4 Qxa2 18. Bxb6 Be6 19. Ng3 Rfc8 20. Be3
Rxc3 21. Rb7 Qc4 22. Qd6 h5 23. Bg5 Qc6 $11 1/2-1/2

[Event "Ceske sachove vanoce 2012  -  OPEN"]
[Site "Litomysl"]
[Date "2012.12.31"]
[Round "7.9"]
[White "Jasny, Stanislav"]
[Black "Mejzlik, Vojtech"]
[Result "1-0"]
[WhiteElo "2303"]
[BlackElo "2052"]
[PlyCount "79"]
[EventDate "2012.12.26"]

1. e4 c5 2. Nf3 Nc6 3. d4 cxd4 4. Nxd4 Nf6 5. Nc3 e5 6. Ndb5 d6 7. Bg5 a6 8.
Na3 b5 9. Bxf6 gxf6 10. Nd5 f5 11. c3 Bg7 12. exf5 Bxf5 13. Nc2 O-O 14. Nce3
Be6 15. Bd3 f5 16. O-O Ne7 17. Nxe7+ Qxe7 18. Bxf5 Kh8 19. Bxe6 Qxe6 20. Qd5
Qg6 21. Rad1 Rad8 22. Qc6 Bh6 23. Nd5 Qc2 24. Nb4 Qxb2 25. Rxd6 Rxd6 26. Qxd6
Qxc3 27. Qxh6 Qxb4 28. Qxa6 e4 29. Qa7 Qc4 30. a3 Qd3 31. Re1 Rd8 32. Qe7 Kg8
33. h3 Rd6 34. Rxe4 Rg6 35. Rf4 Qd1+ 36. Kh2 Qd6 37. Qxd6 Rxd6 38. Rb4 Rd3 39.
Rxb5 Rxa3 40. Rb2 1-0

[Event "Ceske sachove vanoce 2012  -  OPEN"]
[Site "Litomysl"]
[Date "2012.12.31"]
[Round "7.10"]
[White "Kastner, Oldrich"]
[Black "Szumilas, Piotr"]
[Result "1/2-1/2"]
[WhiteElo "2088"]
[BlackElo "2204"]
[PlyCount "47"]
[EventDate "2012.12.26"]

1. e4 c6 2. d4 d5 3. Nd2 dxe4 4. Nxe4 Nd7 5. Nf3 Ngf6 6. Nxf6+ Nxf6 7. Be2 Bg4
8. h3 Bh5 9. O-O e6 10. Bf4 Be7 11. c3 Qb6 12. Ne5 Bxe2 13. Qxe2 O-O 14. Bg5
Rfd8 15. Rfe1 c5 16. dxc5 Qxc5 17. Rad1 Qc7 18. Ng4 Nxg4 19. Qxg4 Bxg5 20. Qxg5
Rd7 21. Qb5 Rad8 22. Rxd7 Qxd7 23. Qxd7 Rxd7 24. Re2 1/2-1/2

[Event "Ceske sachove vanoce 2012  -  OPEN"]
[Site "Litomysl"]
[Date "2012.12.31"]
[Round "7.11"]
[White "Sabuk, Piotr"]
[Black "Daniel, Martin"]
[Result "1/2-1/2"]
[WhiteElo "2195"]
[BlackElo "2081"]
[Annotator ",Michail"]
[PlyCount "25"]
[EventDate "2012.12.26"]

1. d4 Nf6 2. c4 e6 3. g3 c5 4. d5 exd5 5. cxd5 d6 6. Nc3 g6 7. Bg2 Bg7 8. Nf3
O-O 9. O-O Re8 10. a4 a6 11. Nd2 Nbd7 12. Nc4 Ne5 13. Nxe5 $11 1/2-1/2

[Event "Ceske sachove vanoce 2012  -  OPEN"]
[Site "Litomysl"]
[Date "2012.12.31"]
[Round "7.12"]
[White "Kubik, Michael"]
[Black "Skoda, Martin"]
[Result "1-0"]
[WhiteElo "2140"]
[BlackElo "2017"]
[PlyCount "67"]
[EventDate "2012.12.26"]

1. e4 c6 2. Nf3 d5 3. exd5 cxd5 4. Ne5 Nc6 5. d4 a6 6. c3 Nxe5 7. dxe5 Bf5 8.
Bd3 Bxd3 9. Qxd3 e6 10. O-O Ne7 11. Nd2 Ng6 12. f4 Bc5+ 13. Kh1 Ne7 14. Nb3 Bb6
15. Nd4 Bxd4 16. cxd4 h5 17. b3 Nf5 18. Ba3 Qa5 19. Bc5 Qb5 20. Qd2 b6 21. a4
Qc6 22. Ba3 Kd7 23. a5 bxa5 24. Bc5 Rab8 25. Rf3 Rb5 26. Rxa5 Rhb8 27. Ra3 h4
28. Rc3 Qb7 29. b4 Ra8 30. Rc1 Ne7 31. Bxe7 Kxe7 32. Rac3 Ra7 33. f5 Rxb4 34.
Rc7+ 1-0

[Event "Ceske sachove vanoce 2012  -  OPEN"]
[Site "Litomysl"]
[Date "2012.12.31"]
[Round "7.17"]
[White "Jablon, Stephen"]
[Black "Schaefer, Reyk"]
[Result "1-0"]
[WhiteElo "1931"]
[BlackElo "2112"]
[PlyCount "101"]
[EventDate "2012.12.26"]

1. d4 Nf6 2. c4 g6 3. Nc3 d5 4. Nf3 Bg7 5. Bg5 Ne4 6. cxd5 Nxg5 7. Nxg5 e6 8.
Qa4+ c6 9. dxc6 Nxc6 10. Nf3 Bd7 11. Qd1 Qb6 12. Qd2 Nxd4 13. O-O-O Bc6 14.
Nxd4 Rd8 15. e3 e5 16. Qe1 exd4 17. exd4+ Kf8 18. d5 Bd7 19. Bd3 Rc8 20. Qd2
Qb4 21. a3 Qa5 22. Kb1 Bxc3 23. bxc3 Rxc3 24. Qb2 Qxa3 25. Qxa3+ Rxa3 26. Rhe1
Rb3+ 27. Kc2 Rb6 28. Kc3 Kg7 29. Re7 Rd6 30. Bc4 Rd8 31. Rb1 Kf6 32. Re3 Bc8
33. Rf3+ Kg7 34. Re1 Kf8 35. Re4 a6 36. Ref4 R8d7 37. Kd4 b5 38. Ba2 Bb7 39.
Rf6 Rxf6 40. Rxf6 Ke7 41. Rb6 f6 42. g3 Bc8 43. Re6+ Kf7 44. Rc6 Bb7 45. Kc5
Ke7 46. Re6+ Kd8 47. Rxf6 Rc7+ 48. Kb6 Rd7 49. d6 Ke8 50. Bf7+ Kd8 51. Bxg6 1-0

[Event "Ceske sachove vanoce 2012  -  OPEN"]
[Site "Litomysl"]
[Date "2012.12.31"]
[Round "7.24"]
[White "Stanek, Stanislav"]
[Black "Marinov, Peter"]
[Result "0-1"]
[WhiteElo "2013"]
[BlackElo "1827"]
[PlyCount "62"]
[EventDate "2012.12.26"]

1. Nc3 d5 2. e4 e6 3. Bd3 c6 4. Nce2 Bd6 5. Nf3 Nd7 6. exd5 exd5 7. Bf5 Ne5 8.
Nxe5 Bxf5 9. Nf3 Bg4 10. d4 h6 11. Qd3 Qf6 12. Nfg1 Ne7 13. Be3 Bb4+ 14. c3 Bd6
15. Qd2 O-O 16. f3 Bf5 17. Kf2 Ng6 18. Re1 Rfe8 19. Ng3 Qh4 20. N1e2 Rxe3 21.
Qxe3 Kf8 22. Kg1 Re8 23. Qf2 Bd3 24. Nc1 Rxe1+ 25. Qxe1 Ba6 26. Qf2 Qg5 27. Qe1
Bf4 28. Kf2 h5 29. Nb3 b6 30. Nf1 h4 31. Ne3 Bg3+ 0-1

[Event "Ceske sachove vanoce 2012  -  OPEN"]
[Site "Litomysl"]
[Date "2012.12.31"]
[Round "7.25"]
[White "Seidl, Antonin"]
[Black "Hajek, Oskar"]
[Result "0-1"]
[WhiteElo "2028"]
[BlackElo "1829"]
[PlyCount "76"]
[EventDate "2012.12.26"]

1. e4 c5 2. Nf3 Nc6 3. d3 d6 4. g3 g6 5. Bg2 Bg7 6. O-O Nf6 7. Nc3 O-O 8. h3
Bd7 9. Nd5 Nxd5 10. exd5 Nd4 11. Ng5 h6 12. Ne4 Nb5 13. a4 Nc7 14. c4 Na6 15.
Rb1 Nb4 16. b3 f5 17. Nd2 Nxd3 18. Ba3 a5 19. Qe2 Nb4 20. Rfe1 Nc2 21. Bb2 Nxe1
22. Bxg7 Kxg7 23. Rxe1 Re8 24. Nf3 e5 25. dxe6 Rxe6 26. Qd2 Rxe1+ 27. Nxe1 Bc6
28. Bxc6 bxc6 29. Nd3 g5 30. h4 Qf6 31. hxg5 hxg5 32. Kg2 Kh6 33. f4 g4 34. Nf2
Kg7 35. Nd1 Qd4 36. Qc1 Qe4+ 37. Kg1 Qe1+ 38. Kg2 Re8 0-1

[Event "Ceske sachove vanoce 2012  -  OPEN"]
[Site "Litomysl"]
[Date "2013.01.01"]
[Round "8.2"]
[White "Sabol, Marian"]
[Black "Kanovsky, David"]
[Result "1/2-1/2"]
[WhiteElo "2341"]
[BlackElo "2412"]
[Annotator ",Michail"]
[PlyCount "50"]
[EventDate "2012.12.26"]

1. Nf3 c5 2. g3 Nf6 3. Bg2 g6 4. O-O Bg7 5. c4 O-O 6. Nc3 Nc6 7. d4 cxd4 8.
Nxd4 Nxd4 9. Qxd4 d6 10. b3 Bf5 11. Bb2 Ne4 12. Qe3 Nxc3 13. Bxc3 Bxc3 14. Qxc3
Qd7 15. Qe3 a6 $11 16. Rad1 Rac8 17. Rd2 b5 18. cxb5 axb5 19. Qh6 Rc5 20. Rd4
Bg4 21. f3 Rh5 22. Qd2 Bh3 23. g4 Bxg2 24. Kxg2 Rc5 25. Rd1 Rfc8 $11 1/2-1/2

[Event "Ceske sachove vanoce 2012  -  OPEN"]
[Site "Litomysl"]
[Date "2013.01.01"]
[Round "8.3"]
[White "Jedlicka, Ales"]
[Black "Heydarli, Kanan"]
[Result "1/2-1/2"]
[WhiteElo "2223"]
[BlackElo "2301"]
[Annotator ",Michail"]
[PlyCount "41"]
[EventDate "2012.12.26"]

1. d4 d5 2. c4 dxc4 3. Nf3 Nf6 4. e3 e6 5. Bxc4 a6 6. O-O c5 7. dxc5 Qxd1 8.
Rxd1 Bxc5 9. Nbd2 Nc6 10. b3 O-O 11. Bb2 b5 12. Be2 Be7 13. Rac1 Bb7 14. a4
bxa4 15. bxa4 Rfd8 16. Nc4 Rxd1+ 17. Rxd1 Nb4 18. Nfe5 Rd8 19. Rxd8+ Bxd8 20.
Nd6 Bd5 21. Nd3 $11 1/2-1/2